| 000 | 00771cam a2200253Ia 4500 | ||
|---|---|---|---|
| 008 | |||
| 020 | _a0127887741 (pbk.) | ||
| 049 | _aMAIN | ||
| 090 |
_aQA76.9.A43 _bWAY |
||
| 100 | 1 | _aWayner, Peter. | |
| 245 | 1 | 0 |
_aCompression algorithms for real programmers / _cPeter Wayner. |
| 260 |
_aSan Diego : _bMorgan Kaufmann, _cc2000. |
||
| 300 |
_avii, 240 p. : _bill. ; _c23 cm. |
||
| 500 | _aIncludes Index. | ||
| 504 | _aIncludes bibliographical references. | ||
| 650 | 0 | _aComputer algorithms. | |
| 650 | 0 | _aReal-time programming. | |
| 650 | 0 | _aData compression (Computer science). | |
| 907 |
_a.b10276543 _b21-06-10 _c10-05-10 |
||
| 003 | |||
| 005 | 20230123125020.0 | ||
| 040 | _cNUST | ||
| 942 |
_cBOOKS _kQA76.9.A43 _mWAY |
||
| 999 |
_c134233 _d134233 |
||